| 000 | 01213cam a2200337 i 4500 | ||
|---|---|---|---|
| 999 |
_c64938 _d64938 |
||
| 001 | 64938 | ||
| 003 | Mx-PuUPA | ||
| 005 | 20251023143017.0 | ||
| 008 | 100607s2003 sp r 001 spa|d | ||
| 020 | _a8425422981 | ||
| 040 |
_aMx-PuUPA _bspa _cMx-PuUPA _dMx-PuUPA _erda |
||
| 041 | 1 |
_aspa _hfre |
|
| 100 | 1 |
_aGrondin, Jean, _d1955- _eautor _92788 |
|
| 240 | 1 | 0 |
_aIntroduction à Hans-Georg Gadamer. _lEspañol |
| 245 | 1 | 0 |
_aIntroducción a Gadamer / _cJean Grondin ; traducción de Constantino Ruiz-Garrido |
| 264 | 4 |
_a[España] : _bHerder Editorial, _c©2003 |
|
| 300 |
_a248 páginas ; _c22 cm. |
||
| 336 |
_2rdacontent _atexto _btxt |
||
| 337 |
_2rdamedia _asin medio _bn |
||
| 338 |
_2rdacarrier _avolumen _bnc |
||
| 600 | 1 | 4 |
_aGadamer, Hans-George, _d1900-2002 _xCrítica e interpretación |
| 650 | 4 |
_aHumanidades _xMetodología |
|
| 650 | 4 | _aHermenéutica | |
| 650 | 4 |
_aFilósofos alemanes _ySiglo XX |
|
| 700 | 1 |
_aRuiz-Garrido, Constantino, _etraductor |
|
| 765 | 1 | 8 |
_aGrondin, Jean, 1955- _tIntroduction à Hans-Georg Gadamer. |
| 942 |
_2ddc _cLI _h193 _iG873 |
||